000 00739nam a2200265 a 4500
001 000082142
005 20200120224701.0
008 161130s2012 sp ||||gr|||| 000 ||spa d
020 _a9788437625423
041 0 _a/+spa
043 _ae-sp---
090 _aAT
_bSOFed Cátedra
100 1 _aSófocles
245 1 0 _aEdipo rey /
_cSófocles ; edición y traducción de Jorge Cano Cuenca.
250 _a5a. ed.
260 _aMadrid :
_bCatedra,
_c2012.
300 _a83 páginas.
490 0 _aCátedra base
_v25
500 _aIncluye índice
650 1 7 _aTeatro griego
_2LEMB
650 2 7 _aLIteratura griega
_2LEMB
650 2 7 _aTragedia griega
_2LEMB
650 2 7 _aDrama griego
_2LEMB
700 1 _aCano Cuenca, Jorge,
_etraductor
999 _c10549
_d10549